| 000 | 00694cam a2200241 a 4500 | ||
|---|---|---|---|
| 001 | 13797 | ||
| 003 | BD-RjUL | ||
| 005 | 20211208235520.0 | ||
| 008 | 140202s1984 enk 001 0 eng d | ||
| 020 | _a0906053951 | ||
| 035 | _a(BD-RjUL)13849 | ||
| 040 |
_aUkOxU _beng _cUkOxU _dBD-RjUL |
||
| 041 | _aeng | ||
| 082 |
_a608.7 _bSPI 1984 |
||
| 245 | 0 | 0 |
_aSpirit of enterprise : _bthe 1984 Rolex awards / _cMontres Rolex S.A. |
| 260 |
_aLondon : _bAurum Press, _cc1984. |
||
| 300 |
_axix, 460 p : _bill. (some col.) ; _c24 cm |
||
| 504 | _aIncludes index. | ||
| 650 | 0 |
_aInventions _xAwards _943158 |
|
| 650 | 0 |
_aScience _xAwards _943159 |
|
| 710 | 2 |
_aMontres Rolex S.A. _943160 |
|
| 942 |
_2ddc _cBK |
||
| 999 |
_c13797 _d13797 |
||